00413nam a2200169Ia 4500003000400000005001700004008004100021020001500062050002700077100001800104245003200122260003500154300003300189440000600222521000700228526000800235OSt20140321075849.0140130s9999 xx 000 0 und d a0516278193 aPZ 8.3b.P27472Ge 2002 aPearson, Mary cMary PearsonaGenerous Me / bScholastic,c2002.aNew York : a40 p. :bcol. ill. ;c19 cm. v1 aG1 c270